000 00928cam a2200325 4500
001 M2304
008 090401t1997 xxu||||| |||| 00| 0 eng d
035 _a(Sirsi) u37704
041 _aeng
050 _a333.33
090 _aRICS 1997/6ABC
110 _aRoyal Institution of Chartered Surveyors
_94900
245 4 _aThe RICS market surveys digest 1996.
260 _aLondon
_bRICS
_c1997
300 _a12p. ; 30cm.
350 _a0
650 _aPROPERTY-COMMERCIAL PROPERTY-COMMERCIAL PROPERTY MARKET
650 _aCONSTRUCTION INDUSTRY
650 _aLONDON BUSINESS SCHOOL
650 _aHOUSING MARKET
650 _aRICS FARMLAND PRICE INDEX AND SURVEY
650 _aRICS SURVEY
650 _aRICS MARKET SURVEYS
650 _aRICS/LBS COMMERCIAL PROPERTY VALUE FORECAST
650 _aRURAL MARKET
650 _aWORKLOAD SURVEY
690 _aECONOMIC AND SOCIAL
942 _n0
948 _c04/03/1997
999 _c90529
_d90529